• 首页
  • 本馆介绍
  • 公告通知
  • 最新文献
  • 馆藏检索
  • 电子资源
  • 读者导购
  • 参考咨询
  • 我的图书馆
  • 登录
  • 详细信息显示
  • 放入我的书架
  • 预约/预借图书
  • 作者相关作品
  • 分类相关作品
  • 丛书相关作品
  • 出版社相关作品

书目信息

  • 表格格式
  • 工作单格式
  • 卡片格式
题名:
历史与现实的选择
    
 
作者: 战国 , 兴国 著
分册:  
出版信息: 长沙   湖南教育出版社  1991.7
页数: 150页
开本: 19cm
丛书名: 中学生路标丛书
单 册:
中图分类: G631
科图分类:
主题词: 思想政治教育--中学--课外读物
电子资源:
ISBN: 7-5355-1315-8
000 00768nam2 2200265 450
001 0100345063
005 20100618153101.0
010    @a7-5355-1315-8@dCNY1.70
011    @a7-5355-1315-8
100    @a20021005d1991 demy0chiy0110 ea
101 0  @achi
102    @aCN@b430000
105    @ay z 000yy
106    @ar
200 1  @a历史与现实的选择@9Li Shi Yu Xian Shi De;Di Xuan Ze;Zhai @f战 国,兴 国著@b专著
210    @a长沙@c湖南教育出版社@d1991.7
215    @a150页@d19cm
225 2  @a中学生路标丛书@f崔相录,毕 诚主编
410  0 @12001 @a中学生路标丛书
606 0  @a思想政治教育@x中学@x课外读物
690    @aG631@v3
701  0 @a战国@9zhan guo@4著
701  0 @a兴国@9xing guo@4著
801  0 @aCN@bAiZhiMarc@c19920114
905    @aBZT@dG63@e84@f5@sG63/84
    
    历史与现实的选择/战 国,兴 国著.-长沙:湖南教育出版社,1991.7
    150页;19cm.-(中学生路标丛书/崔相录,毕 诚主编)
    
    
    ISBN 7-5355-1315-8:CNY1.70
    
●
相关链接 在五车中查询图书 在当当中查询图书 在豆瓣中查询图书


正题名:历史与现实的选择     索取号:G63/84         预约/预借

序号 登录号 条形码 馆藏地/架位号 状态 备注
1 2000102294   2000102294   旧书回溯/ [索取号:G63/84] 在馆    
2 2000116031   2000116031   旧书回溯/ [索取号:G63/84] 在馆    
3 2000140247   2000140247   旧书回溯/ [索取号:G63/84] 在馆    
4 2000140248   2000140248   旧书回溯/ [索取号:G63/84] 在馆    
5 2000140249   2000140249   旧书回溯/ [索取号:G63/84] 在馆    
山东省滨州职业学院图书馆 欢迎您!
大连网信软件有限公司© 版权所有